| 000 | 00000nas 2200000za 4500 |
| 001 | 9.843236 |
| 003 | CaOODSP |
| 005 | 20221107152500 |
| 007 | cr ||||||||||| |
| 008 | 150406d19821984oncar p oss f0 a0eng|d |
| 022 | |y0706-3083 |
| 040 | |aCaOODSP|beng |
| 041 | |aeng|afre |
| 043 | |an-cn--- |
| 086 | 1 |aCS13-213-PDF |
| 245 | 00|aProvincial economic accounts, experimental data |h[electronic resource] / |cStatistics Canada, Gross National Product Division = Comptes économiques provinciaux, données au stade expérimental / Statistique Canada, Division du produit national brut. |
| 246 | 13|aComptes économiques provinciaux, données au stade expérimental|f1967/1982 |
| 246 | 13|aComptes nationaux économiques provinciaux, données au stade expérimental|f1968/1983-1969/1984 |
| 260 | |aOttawa : |bStatistics Canada = Statistique Canada, |c1984-1986. |
| 310 | |aAnnual |
| 362 | 0 |a1967/1982-1969/1984. |
| 500 | |aDigitized edition from print [produced by Statistics Canada]. |
| 520 | 3 |aProvides a regional perspective on Canadian economic developments. The focus is on each region's Gross Domestic Product, final domestic demand, personal disposable income and government sector accounts. |
| 546 | |aText in English and in French. |
| 550 | |aIssued 1967/1982-1969/1984 by Gross National Product Division; 1976/1987 by Income and Expenditure Accounts Division. |
| 692 | 07|2gccst|aEconomic conditions |
| 710 | 1 |aCanada. |bStatistics Canada. |bGross National Product Division. |
| 710 | 2 |aStatistics Canada.|bIncome and Expenditure Accounts Division. |
| 780 | 00|tProvincial economic accounts, experimental data, the annual estimates |w(CaOODSP)9.843232 |
| 792 | |tProvincial economic accounts, experimental data |efre|w(CaOODSP)9.843237 |